Mavericks, money, and men : the AFL, Black players, and the evolution of modern football /

Bibliographic Details
Main Author: Ross, Charles Kenyatta, 1964-
Corporate Author: EBSCOhost
Format: eBook
Language:English
Published: Philadelphia : Temple University Press, 2016.
Series:Sporting (Philadelphia, Pa.)
Subjects:
Online Access:Connect to the full text of this electronic book

MARC

Tag First Indicator Second Indicator Subfields
LEADER 00000cam a22000001i 4500
001 in00003757313
006 m |o d |
007 cr |n|||||||||
008 160510s2016 paua ob 001 0deng d
005 20260609153736.9
020 |a 9781439913086 (electronic bk.) 
020 |a 1439913080 (electronic bk.) 
020 |z 9781439913062 
020 |z 1439913064 
020 |z 9781439913079 
020 |z 1439913072 
024 8 |a 40025995806 
035 |a (NhCcYBP)EBSCO1215802 
040 |a NhCcYBP  |c NhCcYBP  |d UtOrBLW 
043 |a n-us--- 
050 4 |a GV955.5.A45  |b R67 2016 
082 0 4 |a 796.332/64  |2 23 
084 |a SPO015000  |a SOC001000  |2 bisacsh 
100 1 |a Ross, Charles Kenyatta,  |d 1964-  |0 http://id.loc.gov/authorities/names/nr97034295 
245 1 0 |a Mavericks, money, and men :  |b the AFL, Black players, and the evolution of modern football /  |c Charles K. Ross. 
264 1 |a Philadelphia :  |b Temple University Press,  |c 2016. 
300 |a 1 online resource. 
336 |a text  |b txt  |2 rdacontent 
337 |a computer  |b c  |2 rdamedia 
338 |a online resource  |b cr  |2 rdacarrier 
490 1 |a Sporting 
504 |a Includes bibliographical references and index. 
588 |a Description based on print version record. 
500 |a Electronic resource. 
610 2 0 |a American Football League  |x History. 
610 2 0 |a National Football League  |x History. 
650 0 |a African American football players.  |0 http://id.loc.gov/authorities/subjects/sh87003095 
650 0 |a Discrimination in sports  |z United States  |x History.  |0 http://id.loc.gov/authorities/subjects/sh2009123504 
655 7 |a Electronic books.  |2 local 
710 2 |a EBSCOhost. 
776 1 8 |c Original  |z 9781439913062  |z 1439913064  |z 9781439913079  |z 1439913072  |w (DLC) 2015031425 
830 0 |a Sporting (Philadelphia, Pa.)  |0 http://id.loc.gov/authorities/names/no2007036841 
856 4 0 |u http://proxy.library.tamu.edu/login?url=https://search.ebscohost.com/login.aspx?direct=true&scope=site&db=nlebk&db=nlabk&AN=1215802  |z Connect to the full text of this electronic book  |t 0 
955 |a YBP purchased approval e-records 
980 |b 105.63  |g 1 
987 |a ybp12759031 
999 f f |s 8512cc92-a39c-3aa2-a29c-d51c35f2a2fc  |i 2fdc149e-60d1-3bda-8eb6-029fb8fc8926  |t 0 
952 f f |a Texas A&M University  |b College Station  |c Electronic Resources  |s www_evans  |d Available Online  |t 0  |e GV955.5.A45 R67 2016  |h Library of Congress classification 
998 f f |a GV955.5.A45 R67 2016  |t 0  |l Available Online